Naliehavé a prospešné rokovania Andrej Gromyko ukončil návštevu NSR. Tlačová konferencia Andreja Gromyka v Bonne

Bibliographic Details
Format: Article
Language:Slovak
Subjects:

MARC

LEADER 00000nab a2200000 a 4500
001 vtls000135358
003 SK-MaSNL
005 20260303025505.0
008 220422c1983 xo 0 slo
015 |a SNBRB19rr/mm-uuuuu 
035 |a CL0145464 
040 |a SNKBUCL  |b slo  |c SNKBUCL  |e AACR2 
041 0 |a slo 
044 |a xo  |c SK 
080 |a 327(100-11)(47+57)  |2 1981 
080 |a 327(100-12)(430.1)  |2 1981 
245 0 0 |a Naliehavé a prospešné rokovania  |b Andrej Gromyko ukončil návštevu NSR. Tlačová konferencia Andreja Gromyka v Bonne 
650 0 7 |a Spolková republika Nemecko  |2 snkbucl  |9 514854 
651 7 |a Sovietsky zväz  |2 snkbucl  |9 22126 
655 7 |a články z novín a časopisov  |2 snkbucl  |9 267496 
773 0 |t Pravda  |g Roč. 64, č. 16 (20. 1. 1983), s. 7 
850 |a Slovenská národná knižnica v Martine  |a MTA001 
852 |a SNK  |b KIS3GCP 
958 |a RK 
958 |a ME 
992 |a RBX 
999 |c 1646641  |d 1648571